000 00995nam a22002297a 4500
999 _c5416
_d5416
003 AR-CdUCM
008 190312b ||||| |||| 00| 0 spa d
040 _aMUNICIPALIDAD PROVINCIAL DEL CUSCO
_cBIBLIOTECA MUNICIPAL DEL CUSCO
082 _a929.1985 /
_bP19
100 _aPantigozo Medina, Guillermo.
_916314
245 _a150 años de genealogía 1848-1998 :
_bToribio Pantigozo Torres y Petronila Camargo Gonzáles, 1907 /
260 _aCusco :
_bImprenta Pantigozo,
_c1999.
300 _a180 paginas ;
_bIlustraciones, árbol genealógico,
_c21 cm.
500 _aDedicatoria
505 _aEscudo de armas de los Pantigoso -- Historia Pantigoso - Camargo -- Descripción de hijos de Toribio y Petronila -- Hijos de Vicente y Maria Guadalupe -- Hijos de Jara - Pantigoso...
650 _aSistema de parentesco
_916315
650 _aGenealogia
_9924
650 _aAscendencia y descendencia familiar
_916316
650 _aÁrbol genealógico
_9409
942 _2ddc
_cLIBROS
945 _awnts